000 00409nam a2200157Ia 4500
008 220216s9999 xx 000 0 und d
100 _aMohanakumar S.
245 0 _aRubber products export: India's system needs reorientation
260 _bRubber Asia
_c1995
300 _a31-36
650 _aExport
650 _aRubber product industry
700 _aGeorge K.T.
700 _aJoseph T.[a]
942 _cBS
999 _c48371
_d48371